000 00163 a2200073 4500
020 _a9780851991153
082 _a636.30824 GOR
245 _aREPRODUCTION IN SHEEP & GOATS
999 _c793921
_d793920
942 _w223
_xZanele Mgwenya
_y223
_zZanele Mgwenya